00406 2200169 4500001002100000008004100021035002000062245002600082100001500108260002400123300002000147020002200167084001400189082000800203650001000211990001500221INLIS000000000003259 ind  a0010-1225000080 aAsmaralokacArata Kim aKim, Arata aJakarta :bGramedia a272c13,5x20 cm a978-602-0679-31-0 a813 KIM a a813 aFiksi a19734/B/26